000
00313nam a2200133Ia 4500
008
191201s1994 xx 000 0 und d
100
_a
MILES, Leslie wc
245
0
_a
Textile Printing
250
_a
Rep 2
260
_a
N.Delhi
_b
Society of Dyers
_c
1994
300
_a
339
650
_a
B.Tech(TE)
942
_2
ddc
_c
BK
999
_c
3956
_d
3956